| Поле | Инд. | ПП | Название | Значение |
|---|---|---|---|---|
| Тип записи | a | |||
| Библиографический уровень | m | |||
| 001 | Контрольный номер | DU/633455787 | ||
| 005 | Дата корректировки | 20251219142654.5 | ||
| 020 | a | ISBN | 978-5-4461-0498-7 | |
| 084 | a | Индекс другой классификации/Индекс ББК | 87.3(7США)6 | |
| 090 | a | Полочн. индекс | 87.3(7США)6 | |
| x | Авторский знак | К 983 | ||
| 100 | 1_ | a | Автор | Кэмпбелл Дж. |
| q | Полное имя | Кэмпбелл Джозеф | ||
| u | Дополнение к имени | Campbell J. | ||
| 245 | 10 | a | Заглавие | Мифы для жизни |
| 246 | 01 | a | Другая форма заглавия | Myths to Live By |
| 260 | b | Издательство | Питер | |
| a | Место издания | Санкт-Петербург | ||
| c | Дата издания | 2019 | ||
| 300 | a | Объем | 304 с. | |
| 336 | a | Термин вида содержания | Текст | |
| 337 | a | Термин типа средства | непосредственный | |
| 440 | _0 | a | Серия | Мастера психологии |
| 541 | 1_ | a | Номер заявки | 8646 |
| b | Заявитель | Хохлова Светлана Павловна | ||
| c | Факультет/Кафедра/Подразделение | Кафедра социологии и гуманитарных наук | ||
| d | Дата заявки | 05.05.2019 | ||
| f | Дисциплина | Культурология История религий Социология религии | ||
| h | Уровень подготовки | Бакалавриат | ||
| n | Количество экземпляров | 2 | ||
| 650 | 04 | a | Основная рубрика | история философии |
| a | Основная рубрика | философия | ||
| 653 | 0_ | a | Ключевые слова | архетипы |
| a | Ключевые слова | библейские мифы | ||
| a | Ключевые слова | боги | ||
| a | Ключевые слова | богини войны | ||
| a | Ключевые слова | верования | ||
| a | Ключевые слова | война | ||
| a | Ключевые слова | Восток | ||
| a | Ключевые слова | восточное искусство | ||
| a | Ключевые слова | Дзэн | ||
| a | Ключевые слова | Запад | ||
| a | Ключевые слова | картина мира | ||
| a | Ключевые слова | любовь | ||
| a | Ключевые слова | мир | ||
| a | Ключевые слова | миф | ||
| a | Ключевые слова | мифические образы | ||
| a | Ключевые слова | мифические формы мышления | ||
| a | Ключевые слова | наука | ||
| a | Ключевые слова | обряды | ||
| a | Ключевые слова | священные книги | ||
| 720 | a | Наименование подборки | К семинарам по культурологии | |
| e | Признак/вид подборки | Тематические подборки | ||
| 787 | 18 | w | Контрольный номер связываемой записи | DU/621959258 |
| 900 | a | Имя электронного ресурса | obl_Cambell_Mify dlya zchizni2019 | |
| x | Справочная информация | Обложка | ||
| 901 | t | Тип документа | m | |
| 952 | a | Тип литературы для КСУ ВШ | НАУ |